000 00770cas a22002175a 4500
001 L136211
008 070117c2001 xxkar p 000 0 eng u
035 _a(Sirsi) u136211
041 0 _aeng
110 2 _aScottish Environment Protection Agency
_93523
245 0 0 _aWaste data digest
_h[electronic resource]
260 _aStirling
_bSEPA
_c2001-
362 0 _a[1] 2001-
520 _aDetails data collected by, or on behalf of, SEPA on controlled waste in Scotland.
554 _aOne per year
650 2 4 _aSEPA WASTE DATA DIGEST
651 4 _aScotland
_y1999-
690 _aENVIRONMENTAL AND LAND CONSULTANCY-WASTE MANAGEMENT
856 4 0 _uhttps://www.sepa.org.uk/publications/wds/index.htm
_zView the digests free of charge at www.sepa.org.uk...
942 _n0
999 _c118872
_d118872